000 00485nam a2200169Ia 4500
999 _c36347
_d36347
003 OSt
005 20201207100623.0
008 190216s9999||||xx |||||||||||||| ||und||
020 _a8185273057
040 _coclc
082 _a025.32
_bRAN/C
100 _aRanganathan, S R
_97224
245 0 _aClassified Catalogue Code /
_cS R Ranganathan
260 _bUbs Publishers,
_c1988.
_aNew Delhi:
300 _a640p
942 _cREF
_2ddc
_h025.32
_iRAN/C
_k025.32
_mRAN/C